Batman's friends and foes / (Record no. 4268)

MARC details
000 -LEADER
fixed length control field 01361cam a2200361 a 4500
001 - CONTROL NUMBER
control field 4268
003 - CONTROL NUMBER IDENTIFIER
control field FISKH
005 - DATE AND TIME OF LATEST TRANSACTION
control field 20250807155828.0
008 - FIXED-LENGTH DATA ELEMENTS--GENERAL INFORMATION
fixed length control field 080206s2008 nyua j 000 1 eng
010 ## - LIBRARY OF CONGRESS CONTROL NUMBER
LC control number 2008922483
020 ## - INTERNATIONAL STANDARD BOOK NUMBER
International Standard Book Number 9780061561900 (pbk bdg.)
040 ## - CATALOGING SOURCE
Original cataloging agency DLC
Transcribing agency DLC
Language of cataloging eng
Modifying agency FISKH
050 ## - LIBRARY OF CONGRESS CALL NUMBER
Classification number PZ7
082 ## - DEWEY DECIMAL CLASSIFICATION NUMBER
Classification number 741.5973
100 1# - MAIN ENTRY--PERSONAL NAME
Personal name Hapka, Cathy.
245 10 - TITLE STATEMENT
Title Batman's friends and foes /
Statement of responsibility, etc. adapted by Catherine Hapka ; pencils by Adrian Barros ; digital paints by Kanila Tripp.
260 ## - PUBLICATION, DISTRIBUTION, ETC.
Place of publication, distribution, etc. New York :
Name of publisher, distributor, etc. HarperTrophy,
Date of publication, distribution, etc. 2008.
300 ## - PHYSICAL DESCRIPTION
Extent 32 pages :
Other physical details color illustrations ;
Dimensions 23 cm
490 0# - SERIES STATEMENT
Series statement I can read 2
490 0# - SERIES STATEMENT
Series statement Dark knight
500 ## - GENERAL NOTE
General note "Inspired by the film The Dark Knight, screenplay by Jonathan Nolan and Christopher Nolan, story by Christopher Nolan & David S. Goyer, Batman created by Bob Kane."
505 ## - FORMATTED CONTENTS NOTE
Formatted contents note J<br/>
520 ## - SUMMARY, ETC.
Summary, etc. Batman has help from friends such as Alfred, Lucious Fox, and Rachel Dawes as he takes on the Joker, Scarecrow, and other bad guys in Gotham City.<br/>
521 8# - TARGET AUDIENCE NOTE
Target audience note 480<br/>
Source Lexile <br/>
521 8# - TARGET AUDIENCE NOTE
Target audience note J<br/>
Source Raz-Plus<br/>
650 ## - SUBJECT ADDED ENTRY--TOPICAL TERM
Topical term or geographic name entry element Batman
General subdivision Fantasy & Magic
700 1# - ADDED ENTRY--PERSONAL NAME
Personal name Barros, Adrian.
Relator term Penciler
700 1# - ADDED ENTRY--PERSONAL NAME
Personal name Tripp, Kanila.
Relator term Painter
730 0# - ADDED ENTRY--UNIFORM TITLE
Uniform title Dark knight (Motion picture)
906 ## - LOCAL DATA ELEMENT F, LDF (RLIN)
a 7
b cbc
c orignew
d 2
e epcn
f 20
g y-gencatlg
942 ## - ADDED ENTRY ELEMENTS (KOHA)
Source of classification or shelving scheme Dewey Decimal Classification
Koha item type Books
Suppress in OPAC No
Holdings
Withdrawn status Lost status Source of classification or shelving scheme Damaged status Not for loan Collection Home library Current library Shelving location Date acquired Total Checkouts Full call number Barcode Date last seen Date last checked out Price effective from Koha item type Copy number
    Dewey Decimal Classification     Juvenile Fiction Footprints International School Library Network Toul Kork Campus Footprints International School Library Network Toul Kork Campus TK Primary Library Room(4th Floor), Bookcase 1&2, Shelves 1-16, Dark Blue Books 07/11/2024 4 HAP 741.5973 PZ7 FISTK01289 02/26/2025 02/19/2025 07/11/2024 Books  
    Dewey Decimal Classification     Juvenile Fiction Footprints International School Library Network Toul Tom Poung Campus Footprints International School Library Network Toul Tom Poung Campus TTP Primary Dark Blue Bookshelves 08/07/2025   HAP 741.5973 PZ7 FIS02583 08/07/2025   08/07/2025 Books 2